000 00719nam a2200265Ia 4500
005 20260302115644.0
008 008 260114s9999 xx 000 0 eng d
020 _a9798216975380
037 _aTextbook
040 _aCRL
040 _beng
040 _cCRL
041 _2eng
041 _aeng
084 _qCRL
100 _aWilliam W. Demastes, Bernice Schrank
_91122250
245 0 _aIrish Playwrights, 1880-1995 A Research and Production Sourcebook
260 _bBloomsbury
260 _bGreenwood
260 _c1997
650 _aLiterary Studies
856 _uhttps://doi.org/10.5040/9798216975380?locatt=label:secondary_bloomsburyCollections
942 _cEBOOK
999 _c1687011
_d1687011